Estadísticas para Estados de México por imagen - 1

Haz click aquí para intentar la prueba.

Estadísticas generales

  • Esta prueba ha sido intentada 62 veces
  • La puntuación promedio es 10 de 15

Estadísticas de respuestas

Respuesta% Correcto
Ciudad de México
91%
Quintana Roo
89%
Yucatán
89%
Puebla
86%
Guanajuato
79%
Nuevo León
79%
Veracruz
79%
Guerrero
74%
Jalisco
70%
Baja California Sur
68%
Sonora
67%
Campeche
53%
Michoacán
42%
Oaxaca
32%
Durango
25%

Distribución de puntuación

Porcentaje por número respondido

Porcentaje de gente con cada puntuación

Historial de tus puntuaciones

No has intentado esta prueba.